000 01174nam a2200313 i 4500
001 768714001
003 CO-MdFUSB
005 20220217103607.0
007 ta
008 220217t1972 sp |||| |||| 00| 0 spa d
020 _a8472930289
040 _aCO-MdFUSB
_bspa
_cCO-MdFUSB
_dCO-MdFUSBC
_erda
041 _aspa
082 _223
_a224.97066
_bT217
100 _aTatford, Frederick A.,
_eautor
245 1 3 _aEl profeta de la restauración :
_b una exposición de la profecía de Hageo
_c/ Frederick A. Tatford
264 1 _aBarcelona, España :
_bPortavoz,
_c[1972]
264 4 _c© 1972
300 _a84 páginas
_c; 18 cm
336 _2rdacontent
_atexto
_btxt
337 _2rdamedia
_asin mediación
_bn
338 _2rdacarrier
_avolumen
_bnc
490 _aSerie Profética
505 _aEl retorno de los expatriados: El templo. -- Los personajes principales : cronología. -- La negligencia de Judá (Hageo 1:1-7). -- La solución (Hageo 1:8-15) La naturaleza del hombre. -- Descorazonamiento y aliento (Hageo 2:1-9). -- La infidelidad al descubierto (Hageo 2:20-23).
563 _aRústico
630 0 7 _aBiblia.
_pHageo
942 _cBK
945 _aJTF-925
999 _c67243
_d67243